Statistics for Fruits

Click here to take the quiz!

General Stats

  • This quiz has been taken 32 times
  • The average score is 12 of 15

Answer Stats

Answer% Correct
Apple
100%
Banana
96%
Cucumber
96%
Kiwi
96%
Orange
96%
Strawberry
96%
Tomato
96%
Grapes
89%
Grapefruit
86%
Dragonfruit
79%
Dates
61%
Durian
61%
Jackfruit
57%
Gooseberry
39%
Gojiberry
18%

Score Distribution

Percentile by Number Answered

Percent of People with Each Score

Your Score History

You have not taken this quiz